Győr-Moson-Sopron megye városai - Statistics

General Stats
  • This quiz has been taken 209 times
  • The average score is 6 of 12
Answer Stats
Lakosságszám Város % Correct
132 038 Győr
100%
62 671 Sopron
99%
33 954 Mosonmagyaróvár
78%
10 105 Csorna
55%
10 234 Kapuvár
51%
3 326 Fertőd
37%
4 064 Pannonhalma
32%
4 169 Tét
27%
3 846 Fertőszentmiklós
25%
3 355 Lébény
24%
6 283 Jánossomorja
15%
2 553 Beled
13%
No matching quizzes found
Score Distribution
Percent of People with Each Score
Percentile by Number Answered
Your Score History
You have not taken this quiz